000
00299cam a2200121ua 4500
020
_a
0-88173-043-2
082
_a
621.69
_b
GAR/PU
100
_a
Gray, Paul N .
_9
1574
245
_a
Pump Application Desk Book /
260
_a
Lilburn :
_b
Fairmont Press INC ,
_c
1990.
300
_a
415 ; .
942
_c
REF
999
_c
6820
_d
6820